Stemmi Squadre di calcio - America del Sud - Quiz n°4 - Statistics

Statistiche generali
  • Questo quiz è stato fatto 283 volte
  • Il punteggio medio è 7 su 10
Statistiche sulle risposte
con Immagini Risposta % Corretto
Grêmio Foot-Ball Porto Alegrense
99%
Club Social y Deportivo Colo-Colo
96%
Cruzeiro Esporte Clube
94%
Club Atlético River Plate
93%
Goiás Esporte Clube
78%
Racing Club de Avellaneda
78%
Club de Regatas Vasco da Gama
72%
Club Atlético Lanús
58%
Club Olimpia
52%
Liga Deportiva Universitaria de Quito
16%
Nessun quiz corrispondente trovato
Distribuzione punteggi
Percentuale di utenti per punteggio
Percentile per numero di risposta
I tuoi punteggi nel tempo
Non hai fatto questo quiz